000 00855nam a2200193Ia 4500
003 GCL
005 20240530103004.0
008 140319s199؟ ua 000 0 ara d
040 _aGCL /
_cGCL
082 0 4 _a230/
_bع ت
100 1 _aالعراقى، زين الدين ابوالفضل عبدالرحيم بن الحسين
245 1 0 _aتخريج احاديث مختصر المنهاج فى اصول الفقه للحافظ العراقى /
_cزين الدين ابوالفضل عبدالرحيم بن الحسين العراقى ؛ تحقيق صبحى البدرى السامرائى
260 _aالقاهرة :
_bدار الكتب السلفية،
_c[199-].
300 _a37 ص. ؛
_c24 سم.
650 0 4 _aفقه اسلامى
650 0 4 _aالاحاديث
700 0 _aصبحى البدرى السامرائى
_eمحقق
942 _2ddc
_cBK
999 _c35928
_d35928